000 00790nam a2200253Ia 4500
003 OSt
005 20220923215833.0
006 a|||||r|||| 00| 0
007 ta
008 220922b |||||||| |||| 00| 0 hin d
024 _a182,122
037 _cTextual
040 _aARTS
_cARTS
_bhin
041 _2hin
_ahin
082 _aO152,1N42x, M1
100 _aखेतान, प्रभा
_9156290
245 0 _aअपरिन्ति उजाल
246 _aAparinti ujāla
260 _aनई दिल्ली
_b अक्षर प्रकाशन
_c1981
300 _a72 पृ.
_ccm.
650 _aहिन्दी साहित्य
_9156264
942 _hO152,1N42x, M1
_cTEXL
_2CC
999 _c335496
_d335496